<?xml version="1.0" encoding="UTF-8"?><?xml-stylesheet type="text/xsl" href="static/style.xsl"?><OAI-PMH xmlns="http://www.openarchives.org/OAI/2.0/" xmlns:xsi="http://www.w3.org/2001/XMLSchema-instance" xsi:schemaLocation="http://www.openarchives.org/OAI/2.0/ http://www.openarchives.org/OAI/2.0/OAI-PMH.xsd"><responseDate>2026-04-17T15:02:57Z</responseDate><request verb="GetRecord" identifier="oai:www.recercat.cat:2072/392307" metadataPrefix="marc">https://recercat.cat/oai/request</request><GetRecord><record><header><identifier>oai:recercat.cat:2072/392307</identifier><datestamp>2025-02-04T23:54:19Z</datestamp><setSpec>com_2072_98</setSpec><setSpec>col_2072_378192</setSpec></header><metadata><record xmlns="http://www.loc.gov/MARC21/slim" xmlns:dcterms="http://purl.org/dc/terms/" xmlns:xsi="http://www.w3.org/2001/XMLSchema-instance" xmlns:doc="http://www.lyncode.com/xoai" xsi:schemaLocation="http://www.loc.gov/MARC21/slim http://www.loc.gov/standards/marcxml/schema/MARC21slim.xsd">
   <leader>00925njm 22002777a 4500</leader>
   <datafield ind2=" " ind1=" " tag="042">
      <subfield code="a">dc</subfield>
   </datafield>
   <datafield ind2=" " ind1=" " tag="720">
      <subfield code="a">Tubert, Silvia</subfield>
      <subfield code="e">author</subfield>
   </datafield>
   <datafield ind2=" " ind1=" " tag="260">
      <subfield code="c">2010</subfield>
   </datafield>
   <datafield ind2=" " ind1=" " tag="520">
      <subfield code="a">Puesto que no existe una feminidad esencial, la cultura construye modelos ideales articulados con las relaciones sociales de desigualdad y poder entre los sexos con los que las mujeres se identifican e incorporan a su Ideal del Yo. Estos modelos normativos suelen entrar en conflicto con los deseos, posibilidades y aspiraciones de cada sujeto, creando un malestar que, cuando no puede ser reconocido y expresado, se manifiesta de manera sintomática o mediante el pasaje al acto. Consideraré a continuación los efectos deletéreos de dos ideales culturales -ideal corporal de delgadez e ideal maternal- tanto en la auto-percepción, auto-valoración y relación de las mujeres con su cuerpo, como en la manipulación no sólo de la imagen corporal sino también del cuerpo real de las mujeres. En ambos casos se pondrán de manifiesto las desigualdades de género que persisten en estos "tiempos de igualdad."</subfield>
   </datafield>
   <datafield ind2=" " ind1=" " tag="520">
      <subfield code="a">Inasmuch as there isn't any essential femininity, ideal models are constructed by the culture. These ideals, which are entangled with the codification of power and subordination social relations between both sexes, are incorporated by women into their Ego Ideal through the process of identification. These normative models are usually opposed to the desires, possibilities and expectations of each subject, generating thus conflicts and discomfort which, when not recognized and put into words, show themselves as a symptom or acting out. I shall consider the deleterious effects of two different cultural ideals -that of the slender body and that of maternity- not only in self-perception, self-esteem and the relationship of women to their own body, but also in the manipulation of the body image as well as of the real body. In both cases it is possible to realize that gender inequalities are still present in our "equality times."</subfield>
   </datafield>
   <datafield tag="653" ind2=" " ind1=" ">
      <subfield code="a">Feminidad</subfield>
   </datafield>
   <datafield tag="653" ind2=" " ind1=" ">
      <subfield code="a">Maternidad</subfield>
   </datafield>
   <datafield tag="653" ind2=" " ind1=" ">
      <subfield code="a">Ideales Culturales</subfield>
   </datafield>
   <datafield tag="653" ind2=" " ind1=" ">
      <subfield code="a">Imagen del Cuerpo</subfield>
   </datafield>
   <datafield tag="653" ind2=" " ind1=" ">
      <subfield code="a">Feminitat</subfield>
   </datafield>
   <datafield tag="653" ind2=" " ind1=" ">
      <subfield code="a">Maternitat</subfield>
   </datafield>
   <datafield tag="653" ind2=" " ind1=" ">
      <subfield code="a">Ideals Culturals</subfield>
   </datafield>
   <datafield tag="653" ind2=" " ind1=" ">
      <subfield code="a">Imatge del Cos</subfield>
   </datafield>
   <datafield tag="653" ind2=" " ind1=" ">
      <subfield code="a">Maternity</subfield>
   </datafield>
   <datafield tag="653" ind2=" " ind1=" ">
      <subfield code="a">Cultural Ideals</subfield>
   </datafield>
   <datafield tag="653" ind2=" " ind1=" ">
      <subfield code="a">Body Image</subfield>
   </datafield>
   <datafield ind2="0" ind1="0" tag="245">
      <subfield code="a">Los ideales culturales de la feminidad y sus efectos sobre el cuerpo de las mujeres</subfield>
   </datafield>
</record></metadata></record></GetRecord></OAI-PMH>